Python for Finance Mastering Data-Driven Finance

Salvato in:
Dettagli Bibliografici
Autore principale: Hilpisch, Yves
Natura: Libro
Lingua:inglese
Pubblicazione: Sebastopol O'Reilly 2019
Edizione:2nd Edition
Soggetti:
Tags: Aggiungi Tag
Nessun Tag, puoi essere il primo ad aggiungerne!!

MARC

LEADER 00000nam a2200000 4500
001 0286698
005 20240416113826.0
020 |a 978-1-492-02433-0 
041 0 |a eng 
044 |a US 
245 1 0 |a Python for Finance  |b Mastering Data-Driven Finance  |c Yves Hilpisch 
250 |a 2nd Edition 
264 1 |a Sebastopol  |b O'Reilly  |c 2019 
300 |a 691 s. 
610 2 0 |a jazyky programovacie 
610 2 0 |a programovanie finančné 
610 2 0 |a softvér 
610 2 0 |a zber dát 
610 2 0 |a analýza dát 
610 2 0 |a algoritmy 
610 2 0 |a modelovanie finančné 
610 2 0 |a deriváty 
610 2 0 |a oceňovanie 
100 1 |a Hilpisch, Yves